| 000 | 00437nam a2200169Ia 4500 | ||
|---|---|---|---|
| 008 | 240729s9999 xx 000 0 und d | ||
| 022 | _a2473-0114 | ||
| 245 | 0 | _aFoot & Ankle Orthopaedics | |
| 260 | _aUnited States | ||
| 260 | _bSAGE Publishing | ||
| 650 | _a Orthopedic surgery | ||
| 650 | _a Surgery | ||
| 650 | _aMedicine | ||
| 856 | _uhttps://doaj.org/toc/c2e9c4dce39744c1b1c4e3836e3fcac5 | ||
| 942 | _2ddc | ||
| 942 | _cDOAJEJ | ||
| 999 |
_c67840 _d67840 |
||
| 945 |
_a1 _bMadushi Gamage _c1 _dMadushi Gamage |
||